Detalles MARC
| 000 -ENCABEZADO |
| Número de control [NR] |
01518nam a2200361Ia 4500 |
| 005 - FECHA Y HORA DE LA ÚLTIMA TRANSACCIÓN |
| control field |
20210311092343.0 |
| 008 - DE LONGITUD FIJA DE DATOS DE ELEMENTOS - INFORMACIÓN GENERAL |
| Elementos de longitud fija [NR] |
130821s2007 ck gr spa |
| 020 ## - NUMERO INTERNACIONAL NORMALIZADO PARA LIBROS [R] |
| Número Internacional Normalizado del libro [NR] |
9789588298634 |
| 040 ## - FUENTE DE CATALOGACION [NR] |
| Agencia de catalogación original [NR] |
CO-BoUCM |
| Idioma de catalogación [NR] |
spa |
| Quien Cataloga |
Jose A. Gerena (modificó) |
| Quien Clasifica |
[Nuevo] |
| 041 00 - CODIGO DE IDIOMA [R] |
| Código de idioma para texto/pista de sonido o título separado [R] |
Español |
| 060 ## - SIGNATURA TOPOGRAFICA DE LA BIBLIOTECA NACIONAL DE MEDICINA (NLM) [R] |
| Número clasificador [R] |
LB 2300 |
| 100 1# - ASIENTO PRINCIPAL--NOMBRE PERSONAL [NR] |
| Nombre personal [NR] |
Ríos Ríos, Aura Josefina |
| ID Autoridad |
67286 |
| 245 10 - MENCION DE TITULO [NR] |
| Título [NR] |
Del aprieto verbal al conocimiento textual |
| Mención de responsabilidad, etc. [NR] |
manual de estrategias y técnicas de estudio |
| Parte restante del título [NR] |
Constanza Ivet Bolívar Silva, Aurora Josefina Ríos Ríos |
| 260 ## - PUBLICACION, DISTRIBUCION, ETC. (PIE DE IMPRENTA) [R] |
| Lugar de publicación, distribución, etc. [R] |
Bogotá (Colombia) |
| Nombre del editor, distribuidor, etc. [R] |
Editorial Universidad del Rosario |
| Fecha de publicación, distribución, etc. [R] |
2007 |
| 300 ## - DESCRIPCION FISICA [R] |
| Extensión [R] |
180 páginas |
| 490 ## - MENCION DE SERIE [R] |
| Mención de serie [R] |
Lecciones de Rehabilitación y de Desarrollo Humano |
| 504 ## - NOTA DE BIBLIOGRAFIA, ETC. [R] |
| Nota de bibliografía, etc. [NR] |
Incluye referencias bibliográficas |
| 650 07 - ASIENTO SECUNDARIO DE MATERIA - TERMINO TEMATICO [R] |
| Término temático o nombre geográfico como elemento de entrada [NR] |
Aprendizaje |
| 9 (RLIN) |
9256 |
| 650 07 - ASIENTO SECUNDARIO DE MATERIA - TERMINO TEMATICO [R] |
| Término temático o nombre geográfico como elemento de entrada [NR] |
Aptitud de aprendizaje |
| 9 (RLIN) |
9278 |
| 650 07 - ASIENTO SECUNDARIO DE MATERIA - TERMINO TEMATICO [R] |
| Término temático o nombre geográfico como elemento de entrada [NR] |
Desarrollo educativo |
| 9 (RLIN) |
12960 |
| 650 07 - ASIENTO SECUNDARIO DE MATERIA - TERMINO TEMATICO [R] |
| Término temático o nombre geográfico como elemento de entrada [NR] |
Memoria |
| 9 (RLIN) |
19277 |
| 650 07 - ASIENTO SECUNDARIO DE MATERIA - TERMINO TEMATICO [R] |
| Término temático o nombre geográfico como elemento de entrada [NR] |
Metodología en pedagogía |
| 9 (RLIN) |
19442 |
| 650 07 - ASIENTO SECUNDARIO DE MATERIA - TERMINO TEMATICO [R] |
| Término temático o nombre geográfico como elemento de entrada [NR] |
Métodos de estudio |
| 9 (RLIN) |
19450 |
| 650 07 - ASIENTO SECUNDARIO DE MATERIA - TERMINO TEMATICO [R] |
| Término temático o nombre geográfico como elemento de entrada [NR] |
Pedagogía |
| 9 (RLIN) |
21215 |
| 650 07 - ASIENTO SECUNDARIO DE MATERIA - TERMINO TEMATICO [R] |
| Término temático o nombre geográfico como elemento de entrada [NR] |
Percepción |
| 9 (RLIN) |
327 |
| 650 07 - ASIENTO SECUNDARIO DE MATERIA - TERMINO TEMATICO [R] |
| Término temático o nombre geográfico como elemento de entrada [NR] |
Teoría de la educación |
| 9 (RLIN) |
25273 |
| 690 ## - ASUNTO AGREGADO LOCAL DE ENTRADA - TÉRMINO TEMÁTICO (OCLC, RLIN) |
| Acceso temático local |
Teoría de la educación |
| 9 (RLIN) |
25273 |
| 700 1# - ASIENTO SECUNDARIO - NOMBRE PERSONAL [R] |
| Nombre personal [NR] |
Bolívar Silva, Constanza Ivet |
| 9 (RLIN) |
67287 |
| 710 1# - ASIENTO SECUNDARIO - NOMBRE CORPORATIVO [R] |
| Nombre corporativo o de jurisdicción como elemento de entrada [NR] |
Universidad Colegio Mayor de Nuestra Señora del Rosario. |
| Unidad subordinada [R] |
Facultad de Rehabilitación y Desarrollo Humano |
| 9 (RLIN) |
4701 |
| 856 4# - LOCALIZACION Y ACCESO ELECTRONICOS [R] |
| Nota dirigida al público [R] |
Consulte la Portada y la Tabla de Contenido haciendo clic aquí |
| Identificador Uniforme del Recurso (“URI”) [R] |
<a href="http://hdl.handle.net/10336/490">http://hdl.handle.net/10336/490</a> |
| 942 ## - ELEMENTOS DE ENTRADA AGREGADOS (KOHA) |
| Tipo de ítem principal el descrito en 300a |
Edición Rosarista |
| Sistema de clasificación |
NLM |
| Tema principal |
Generalidades |
| Edición |
1 |
| Clasificación |
LB 2300 |
| Parte restante de la signatura top. |
B595d |
| Título oculto en OPAC |
No |